sclerotium rolfsii management on mungbean in greenhouse conditions (វិធានការកម្ចាត់ផ្សិតក្លែរ៉ូទីញ៉ូម រូស្ស៊ី លើដំណាំសណ្តែកបាយ ក្នុងលក្ខខណ្ឌផ្ទះកញ្ចក់) (Record no. 1234)

000 -LEADER
fixed length control field 00664nam a22001337a 4500
040 ## - CATALOGING SOURCE
Transcribing agency RUA
082 ## - DEWEY DECIMAL CLASSIFICATION NUMBER
Classification number AGR TAU 2012 B053 Or.1
100 ## - MAIN ENTRY--AUTHOR NAME
Personal name TAUCH, KOURUNN.
245 ## - TITLE STATEMENT
Title sclerotium rolfsii management on mungbean in greenhouse conditions (វិធានការកម្ចាត់ផ្សិតក្លែរ៉ូទីញ៉ូម រូស្ស៊ី លើដំណាំសណ្តែកបាយ ក្នុងលក្ខខណ្ឌផ្ទះកញ្ចក់)
260 ## - PUBLICATION, DISTRIBUTION, ETC. (IMPRINT)
Place of publication Phnom Penh
Name of publisher RUA
Year of publication 2012
300 ## - PHYSICAL DESCRIPTION
Number of Pages x, 52p.
Other physical details ill.
Dimensions 29cm.
856 ## - ELECTRONIC LOCATION AND ACCESS
Uniform Resource Identifier https://drive.google.com/file/d/1eyDbgMG82g3OqDJ9Bi_pdMfh9NSkQ_tW/view?usp=sharing
942 ## - ADDED ENTRY ELEMENTS (KOHA)
Koha item type AGR
952 ## - LOCATION AND ITEM INFORMATION (KOHA)
Withdrawn status [LOCAL, KOHA] 0
952 ## - LOCATION AND ITEM INFORMATION (KOHA)
Withdrawn status [LOCAL, KOHA] 0
952 ## - LOCATION AND ITEM INFORMATION (KOHA)
Withdrawn status [LOCAL, KOHA] 0
Holdings
Permanent Location Date acquired Koha item type Lost status Shelving location Barcode Current Location Full call number
Library Block B2015-09-25AGR B053RUA005383Library Block BAGR TAU 2012 B053 Or.1
Library Block B2015-09-25AGR B053RUA005533Library Block BAGR TAU 2012 B053 Or.2
Library Block B2015-09-27AGR B053RUA019147Library Block BAGR TAU 2012 B053 Or.3
មជ្ឈមណ្ឌលឯការនៃសាកលវិទ្យាល័យភូមិន្ទកសិកម្មចំការដូង

Powered by Koha